Premio de ensayo Pedro Francisco Bonó. (Registro nro. 13565)

Detalles MARC
000 -LIDER
fixed length control field 01588nam a2200337 a 4500
003 - IDENTIFICACDOR DE NÚMERO DE CONTROL
control field DO-SdBNP
005 - DATE AND TIME OF LATEST TRANSACTION
control field 20220302093928.0
008 - ELEMENTOS DE LONGITUD FIJA
fixed length control field 140324s2012 dr 000 0 spa d
020 ## - ISBN
International Standard Book Number 9789945412697
040 ## - FUENTE DE CATALOGACIÓN
Agencia que crea de manera original el registro DO-SdBNP
Idioma de catalogación spa
Agencia que realiza la transcripción BPMSU
082 ## - NÚMERO DE CLASIFICACIÓN DECIMAL DE DEWEY
Classification number RD864.5
Item number P925p, 2012
111 2# - ASIENTO PRINCIPAL--NOMBRE DE REUNIÓN O CONFERENCIA
Nombre de reunión o jurisdicción como elemento de entrada Premio Ensayo Pedro Francisco Bonó
Fecha de la reunión (2012 :
Lugar de la reunión Santo Domingo)
245 10 - MENCIÓN DE TITULO
Título Premio de ensayo Pedro Francisco Bonó.
260 ## - PUBLICACIÓN, DISTRIBUCIÓN, ETC. (PIE DE IMPRENTA)
Lugar de publicación, distribución, etc Santo Domingo :
Nombre del editor, distribuidor, etc. FUNGLODE,
Fecha de publicación, distribución, etc 2012.
300 ## - DESCRIPCIÓN FÍSICA
Extensión 276 p. ;
Dimensiones 26 cm.
490 0# - MENCIÓN DE SERIES
Mención de serie Premios FUNGLODE /GFDD 2011 Ensayo
504 ## - NOTA DE BIBLIOGRAFÍA, ETC.
Bibliography, etc Bibliografía : p. 275 -276
505 0# - NOTA DE CONTENIDO
Información miscelánea Primer lugar :
Título Una centuria tocando acordeón ;
-- De Ñico Lora a Tatico Henríquez /
Mención de responsabilidad Pedro Carreras Aguilera --
Información miscelánea Segundo lugar :
Título Antropología del semáforo ;
-- El comercio internacional de Santo Domingo /
Mención de responsabilidad Bismar Galán --
Información miscelánea Tercer lugar :
Título Antihéroes onettianos ;
-- Habitantes de proyectos fallidos /
Mención de responsabilidad Reynaldo Chevelier
586 ## - AWARDS NOTE
Awards note Premios FUNGLODE /GFDD 2011
590 ## - NOTA LOCAL
Enlace Inventariado, 2022/VM
650 #4 - ENCABEZAMIENTO DE MATERIA--TEMÁTICO
Término temático o nombre geográfico como elemento de entrada Ensayos dominicanos
650 #4 - ENCABEZAMIENTO DE MATERIA--TEMÁTICO
Término temático o nombre geográfico como elemento de entrada Literatura dominicana.
650 #4 - ENCABEZAMIENTO DE MATERIA--TEMÁTICO
Término temático o nombre geográfico como elemento de entrada Premios literarios
650 #4 - ENCABEZAMIENTO DE MATERIA--TEMÁTICO
Término temático o nombre geográfico como elemento de entrada Certámenes literarios
700 1# - ASIENTO SECUNDARIO -- NOMBRE PERSONAL
Nombre personal Carreras Aguilera, Pedro.
Título de una obra Una centuria tocando acordeón ; De Ñico Lora a Tatico Henríquez
700 1# - ASIENTO SECUNDARIO -- NOMBRE PERSONAL
Nombre personal Galán, Bismar.
Título de una obra Antropología del semáforo ; El comercio internacional de Santo Domingo
700 12 - ASIENTO SECUNDARIO -- NOMBRE PERSONAL
Nombre personal Chevalier, Reynaldo.
Título de una obra Antihéroes onettianos ; Habitantes de proyectos fallidos
710 2# - ASIENTO SECUNDARIO -- NOMBRE CORPORATIVO
Nombre corporativo o de jurisdicción Fundación Global Democracía y Desarrollo (República Dominicana)
910 ## - VALIDACIÓN
Validación VMateo V.
942 ## - ADDED ENTRY ELEMENTS (KOHA)
Source of classification or shelving scheme Dewey Decimal Classification
Koha item type Libros
Existencias
Withdrawn status Lost status Source of classification or shelving scheme Damaged status Not for loan Collection code Home library Current library Date acquired Source of acquisition Full call number Barcode Date last seen Price effective from Koha item type
    Dewey Decimal Classification     Colección Dominicana Biblioteca Pública Metropolitana Salomé Ureña Biblioteca Pública Metropolitana Salomé Ureña 06/08/2021 FUNGLODE BPMSU CD RD864.5 C314u 2011 BPMSU21060030 06/08/2021 06/08/2021 Libros